000 01442cam a2200433 4500
001 22025
003 VRT
005 20260317163206.0
008 210630s2020 rb g h 000 0bslo
015 _aSNBA2020
020 _a9788651704560
_q(brožované)
039 9 _a202508071323
_bmsnk167
_c202412181413
_dAUTHORITY
_c202402091126
_dmsnk13
_c202107011030
_dmsnk03
040 _aSNK
_bslo
_cSNK
_erda
041 1 _aslo
_heng
044 _arb
_cRS
072 7 _a929
_xBiografie
_2konspekt
080 _a929.731-055.2
_22011
080 _a929.732-055.2
_22011
080 _a929(092)
_22011
100 1 _aMoody, Marcia
_4aut
240 1 0 _aKate - a biography
_lSlovensky
245 1 0 _aKate
_bjej životopis
_n1. časť
_cMarcia Moody ; preložil: Parcel Perecár
264 1 _a[Beograd]
_bLiber Novus d.o.o.
_c2020
300 _a127 strán
_c18 cm
336 _atext
_btxt
_2rdacontent
337 _abez média
_bn
_2rdamedia
338 _azväzok
_bnc
_2rdacarrier
600 1 7 _aCatherine,
_cprincezná z Walesu,
_d1982-
_2SNKMA
650 0 7 _aprincezné
_2SNKPH
650 0 7 _aPrincesses
_2SNKPHeng
650 0 7 _avojvodkyne
_2SNKPH
650 0 7 _a‬Duchesses
_2SNKPHeng
655 7 _abiografie
_2SNKPH
655 7 _aBiography
_2SNKPHeng
700 1 _aPerecár, Marcel,
_d1972-1
_4trl
942 _2ddc
_cKLDO
_n0
949 _617A1531371
_asnkSD 89924/1 D1
_bsnk2024/2081
_o33/24 - em
949 _617A1447957
_asnkSD 89924/1
_bsnk2021/7806
_o60/21 - em
999 _c22025
_d22025